1608 1156 1211 1839 1886 1084 1331 1608 1279 1157 1056 1516 1535 1219 1513 1973 1930 1440 1997 1044 1938 1319 1517 1253 1822 1559 1998 1102 1480 1780 1903 1113 1880 1973 1832 1760 1144 1037 1005 1458 1701 1705 1091 1230 1129 1565 1762 1864 1231 1519 1852 1832 1357 1658 1158 1190 1133 1559 1702 1797 1800 1864 1038 1203 1562 1332 1000 1410 1031 1721 1183 1050 1805 1541 1399 1339 1699 1761 1930 1006 1687 1905 1502 1045 1382 1725 1677 1883 1385 1990 1762 1983 1531 1197 1708 1952 1543 1082 1171 BCNSPRNW ULIB Ver.6.0+V

เปลี่ยนเป็นภาษาไทย

Change to English
 แสดงรายละเอียดบรรณานุกรม
  กลับหน้าหลัก

Brief Record : Get Marc (ISO 2709) : E-mail record : QR code < ปิดหน้าต่าง
LEADER : 00000nam 2200000uu 4500
001    13399122589
003     ULIB
008    020711s2542 th a 000 0 tha d
020    9748703177
050    QL^bส848ผ
100    สุรชัย ชลดำรงค์กุล
245    ผีเสื้อ : คู่มือสำรวจและสื่อความหมายธรรมชาติ./^cสุรชัย ชลดำรงค์กุล,ศุภชัย แพเทพย์ และพงษ์เทพ ทับเที่ยง
260    กรุงเทพฯ :^bสตรีท พริ้นติ้ง,^c2542
300    252 หน้า
650    ผีเสื้อ
700    ศุภชัย แพเทพย์
700    พงษ์เทพ ทับเที่ยง
945    ^p358^l0^i20034
รายการนี้ยังไม่มีแท็ก
คุณยังไม่ได้ล็อกอิน คุณสามารถมีกิจกรรมร่วมกับเว็บไซต์ได้ แต่ต้องล็อกอินก่อน ::
  ล็อกอิน

รายการสื่อสารสนเทศ

ลำดับที่ ประเภท เลขเรียก/บาร์โค้ด สถานที่ สถานะ
1. การศึกษาทั่วไป
การศึกษาทั่วไป
QL ส848ผ ฉ.1 
  Barcode: 20034
ห้องสมุดวิทยาเขตสวรรค์ประชารักษ์
►หนังสือทั่วไป
บนชั้น

BibComment


ยังไม่เคยถูกคอมเมนท์

คอมเมนท์ทรัพยากรรายการนี้
  คอมเมนท์: ผีเสื้อ คู่มือสำ..


 Copyright 2026. Bcnsprnw @Library